000 00648nam a2200229Ia 4500
003 OSt
005 20221006140825.0
006 a|||||r|||| 00| 0
007 ta
008 221006b |||||||| |||| 00| 0 eng d
020 _cS 55.00
024 _a725
037 _b8530, 12/02/2001, S B D
_cTextual
040 _aEASL
_cEASL
_beng
041 _2eng
_aeng
100 _aTIEN & CHU Hung-Mao & Yun-han Ed.
_9643538
245 0 _aChina under Jiang Zemin
260 _aBoulder
_bLynne Rienner
_c2000
300 _a279p.
_ccm.
942 _cTEXL
_2CC
999 _c1068811
_d1068811